Statistics for FC Barcelona Players

Click here to take the quiz!

General Stats

  • This quiz has been taken 100 times
  • The average score is 11 of 19

Answer Stats

Shirt numberAnswer% Correct
1Marc-Andre ter Stegen
98%
3Gerard Pique Bernabeu
89%
10Lionel Andres Messi Cuccittini
88%
18Jordi Alba Ramos
82%
9Lius Alberto Suarez Diaz
80%
5Sergio Busquets Burgos
78%
20Sergi Roberto Carnicer
61%
11Masour Ousmane Dembele
60%
13Norberto Murara Neto
58%
4Ivan Rakitic
57%
23Samuel Yves Umtiti
56%
15Clement Nicolas Laurent Lenglet
53%
21Frenkie De Jong
50%
17Antoine Griezmann
45%
2Nelson Cabral Semedo
36%
8Arthur Melo
34%
22Arturo Erasmo Vidal Pardo
34%
24Hector Junior Firpo Adames
18%
19Martin Christensen Braithwaite
15%

Score Distribution

Percentile by Number Answered

Percent of People with Each Score

Your Score History

You have not taken this quiz